Численное исследование влияния числа Остроградского на естественно-конвективный теплоперенос и тепловое поверхностное излучение в замкнутом контуре; Перспективы развития фундаментальных наук; Т. 3 : Математика

Dades bibliogràfiques
Parent link:Перспективы развития фундаментальных наук=Prospects of Fundamental Sciences Development: сборник научных трудов XV Международной конференции студентов, аспирантов и молодых ученых, г. Томск, 24-27 апреля 2018 г./ Национальный исследовательский Томский политехнический университет (ТПУ) ; под ред. И. А. Курзиной, Г. А. Вороновой.— , 2018
Т. 3 : Математика.— 2018.— [С. 40-42]
Autor principal: Гибанов Н. С.
Autor corporatiu: Национальный исследовательский Томский государственный университет (ТГУ)
Altres autors: Шеремет М. А. (научный руководитель)
Sumari:Заглавие с экрана
Unsteady natural convection combined with surface thermal radiation in closed cavity with a local heat-generating source has been investigated. The heat source of triangular shape of internal volumetric heat generation is located on the bottom wall. The vertical side walls are supposed to be isothermal and cooled. The governing equations of conservation of momentum, mass and energy, described the fluid flow and heat transfer have been represented by dimensionless variable "stream function - vorticity - temperature". The effects of the heat source power and emissivity factor on fluid flow and heat transfer within the cavity have been analyzed. Streamlines and isotherms as well as fluid flow rate, the local Nusselt numbers, average convective and radiative Nusselt numbers have been obtained.
Idioma:rus
Publicat: 2018
Matèries:
Accés en línia:http://earchive.tpu.ru/handle/11683/50838
Format: MixedMaterials Electrònic Capítol de llibre
KOHA link:https://koha.lib.tpu.ru/cgi-bin/koha/opac-detail.pl?biblionumber=627609

MARC

LEADER 00000naa2a2200000 4500
001 627609
005 20231101133453.0
035 |a (RuTPU)RU\TPU\conf\27539 
035 |a RU\TPU\conf\27538 
090 |a 627609 
100 |a 20180917d2018 k y0rusy50 ca 
101 0 |a rus  |d eng 
102 |a RU 
105 |a y z 100zy 
135 |a drcn ---uucaa 
181 0 |a i  
182 0 |a b 
200 1 |a Численное исследование влияния числа Остроградского на естественно-конвективный теплоперенос и тепловое поверхностное излучение в замкнутом контуре  |d Numerical investigation of the Ostrogradsky number effect on natural convection and thermal radiation in an enclosure  |f Н. С. Гибанов  |g науч. рук. М.А. Шеремет 
203 |a Текст  |c электронный 
230 |a 1 компьютерный файл (pdf; 212 Kb) 
300 |a Заглавие с экрана 
320 |a [Библиогр.: с. 42 (5 назв.)] 
330 |a Unsteady natural convection combined with surface thermal radiation in closed cavity with a local heat-generating source has been investigated. The heat source of triangular shape of internal volumetric heat generation is located on the bottom wall. The vertical side walls are supposed to be isothermal and cooled. The governing equations of conservation of momentum, mass and energy, described the fluid flow and heat transfer have been represented by dimensionless variable "stream function - vorticity - temperature". The effects of the heat source power and emissivity factor on fluid flow and heat transfer within the cavity have been analyzed. Streamlines and isotherms as well as fluid flow rate, the local Nusselt numbers, average convective and radiative Nusselt numbers have been obtained. 
461 1 |0 (RuTPU)RU\TPU\conf\26928  |t Перспективы развития фундаментальных наук  |l Prospects of Fundamental Sciences Development  |o сборник научных трудов XV Международной конференции студентов, аспирантов и молодых ученых, г. Томск, 24-27 апреля 2018 г.  |o в 7 т.  |f Национальный исследовательский Томский политехнический университет (ТПУ) ; под ред. И. А. Курзиной, Г. А. Вороновой  |d 2018 
463 1 |0 (RuTPU)RU\TPU\conf\26931  |t Т. 3 : Математика  |v [С. 40-42]  |d 2018 
510 1 |a Numerical investigation of the Ostrogradsky number effect on natural convection and thermal radiation in an enclosure  |z eng 
610 1 |a электронный ресурс 
610 1 |a численные исследования 
610 1 |a конвективный перенос 
610 1 |a тепловые излучения 
610 1 |a замкнутые контуры 
610 1 |a замкнутые полости 
610 1 |a тепловыделение 
700 1 |a Гибанов  |b Н. С. 
702 1 |a Шеремет  |b М. А.  |4 727 
712 0 2 |a Национальный исследовательский Томский государственный университет (ТГУ)  |c (2009- )  |2 stltpush  |3 (RuTPU)RU\TPU\col\17230 
801 2 |a RU  |b 63413507  |c 20181005  |g RCR 
856 4 |u http://earchive.tpu.ru/handle/11683/50838 
942 |c BK